000 00390nam a2200145Ia 4500
008 151213s9999 xx 000 0 und d
100 _aM.A.Toslim & A.Chowdhury
245 _aMicroeconomics Analysis
_cM.A.Toslim & A.Chowdhury
260 _aLondon
_bPrentice Hall
300 _a2161 p.
650 _aEconomics
650 _aEconomics
700 _aM.A.Toslim & A.Chowdhury
999 _c1584
_d1584